000 00857nam a22002295i 4500
001 167701
003 ES-MaACL
005 20250817004349.0
008 940206s1894 sp |||| | spa d
040 _aCAM
_bspa
100 1 _aViscasillas y Urriza, Mariano,
_d1835-1912
_9133793
245 1 0 _aElementos de gramática hebrea para uso de los Seminarios Conciliares... /
_cpor Mariano Viscasillas y Urriza.
260 _aMadrid :
_b[s.n.],
_c1894 (
_fEst. Tip. Sucesores de Rivadeneyra)
300 _a216 p. ;
_c23 cm.
594 _aTexto en castellano y ejemplos en hebreo.
650 4 _aLengua hebrea-
_xGramática.
_914260
710 2 1 _aSucesores de Rivadeneyra (Madrid)
_9134822
852 _aES-MaACL
_jB-5213
_z-- Enc. hol.
_q-- Falto de la port. y hasta la pag.10
942 _2udc
999 _c167701
_d167701